000
00321nam a22001457a 4500
008
221208b ||||| |||| 00| 0 eng d
020
_a
2901133950546
041
_a
eng
080
_2
9 EDITION
_a
51
082
_a
51LAR
100
_a
22.2
101
_a
MATE
245
_a
HYBRID PRECALCULUS
_c
LARSON R
942
_2
udc
_c
BK
999
_c
59133
_d
59133